Tạo dựng và quản trị thương hiệu: Danh tiếng lợi nhuận

Wedi'i Gadw mewn:
Manylion Llyfryddiaeth
Prif Awdur: Lê Anh Cường
Fformat: Llyfr
Iaith:Undetermined
Cyhoeddwyd: H. LĐXH 2003
Pynciau:
Tagiau: Ychwanegu Tag
Dim Tagiau, Byddwch y cyntaf i dagio'r cofnod hwn!
Thư viện lưu trữ: Trung tâm Học liệu Trường Đại học Cần Thơ
LEADER 00567nam a2200181Ia 4500
001 CTU_56959
008 210402s9999 xx 000 0 und d
020 |b 98000 
082 |a 658.827 
082 |b C561 
100 |a Lê Anh Cường 
245 0 |a Tạo dựng và quản trị thương hiệu: Danh tiếng lợi nhuận 
245 0 |c Lê Anh Cường 
260 |a H. 
260 |b LĐXH 
260 |c 2003 
650 |a industrial management,product management,brand name products 
980 |a Trung tâm Học liệu Trường Đại học Cần Thơ